00174nam a2200073 a 450000500170000000800410001705000170005824500250007520140414132035.0110322s19uu xx 00 eng d aTRbB23 2004 aBarney I can do it!.